| 000 | 00748nam a2200193 a 4500 | ||
|---|---|---|---|
| 003 | 0 | ||
| 005 | 20250609084223.0 | ||
| 008 | 030603s19uu xx 00 eng d | ||
| 050 |
_aPHS TP 359.B46 _b.V58 2001 |
||
| 100 | _aVitangcol, Ace de los Santos. | ||
| 245 |
_aThe Feasibility of using coconut (Cocos nucifera, Linn.) oil in producing biodiesel / _cVitangcol, Ace de los Santos. |
||
| 260 |
_aLas PiƱas City, Philippines : _bSouthville International School and Colleges, _c2001. |
||
| 300 |
_a62 pages : _bcolor illustrations ; _c28 cm. |
||
| 504 | _aIncludes bibliographical references. | ||
| 650 |
_aBiodiesel fuels _zPhilippines. |
||
| 650 | _aCoconut oil as fuel. | ||
| 650 |
_aRenewable energy sources _zPhilippines. |
||
| 942 |
_2lcc _cPASS |
||
| 999 |
_c96446 _d96446 |
||